00742 a2200385 4500000002100000001000700021005001700028008004100045010000500086020000500091082002000096100002200116110000500138245005700143250000500200260002900205300001000234490000700244500000500251600000500256610000500261611000500266630000500271650000500276651000500281654000500286700002200291710000900313711000500322720000500327730000500332740000500337752000500342856000900347BKB 07154820200902151020.0  a a a572.80285bP75B1 aPolanski, Andrzej a1 aBioinformaticscby Andrzej Polanski and Marek Kimmel a aNew YorkbSpringerc2007 a376p. av a a a a a a a a aKimmel, Marekbc abc a a a a a adf